000 00799nam a2200253Ia 4500
003 OSt
005 20220925182458.0
006 a|||||r|||| 00| 0
007 ta
008 220923b |||||||| |||| 00| 0 eng d
020 _a9780262033626
_c1448.6600000000001
037 _b1593, 06/09/2008, J.S. BOOK DISTRIBUTOR
_cGeneral Book
040 _aRTL
_cRTL
_beng
041 _2eng
_aeng
082 _aX:72, P7
100 _aCaballero Ricardo J
_9256487
245 0 _aSpecificity and the macroeconomics of restructuring
260 _aCombridge
_bMIT Press
_c2007
300 _axii,331p
_ccm.
490 _aYrjo Jahnsson Series
650 _aCommerce
942 _hX:72, P7
_cGB
_2CC
999 _c502349
_d502349